000
00301nam a22001337a 4500
008
190204b xxu||||| |||| 00| 0 eng d
020
_a
9780323057929
041
_a
eng
080
_a
610.73
100
_a
4
101
_a
INF
245
_a
2011 Intravenous Medications
_c
Gahart, B.L
942
_2
udc
_c
BK
999
_c
53932
_d
53932